UBT Library

Saving capitalism from short-termism : (Record no. 620)

000 -LEADER
fixed length control field 00575nam a22001937a 4500
005 - DATE AND TIME OF LATEST TRANSACTION
control field 20150330095613.0
008 - FIXED-LENGTH DATA ELEMENTS--GENERAL INFORMATION
fixed length control field 110302s2011 nyu 000 0 eng
020 ## - INTERNATIONAL STANDARD BOOK NUMBER
International Standard Book Number 9780071736367
041 0# - LANGUAGE CODE
Language code of text/sound track or separate title eng
080 ## - UNIVERSAL DECIMAL CLASSIFICATION NUMBER
Universal Decimal Classification number 336
100 1# - Rafti
Rafti Rappaport, Alfred.
245 10 - TITLE STATEMENT
Title Saving capitalism from short-termism :
Statement of responsibility, etc Alfred Rappaport.
260 ## -
-- New York :
-- McGraw-Hill,
-- 2011.
300 ## -
-- 235 f. ;
-- 24 cm.
505 8# -
-- Index: f. 225 - 235
650 #0 -
-- Investimet
650 #0 -
-- Kapitalizmi
942 ## - ADDED ENTRY ELEMENTS (KOHA)
Source of classification or shelving scheme
Item type Books
Holdings
Withdrawn status Lost status Source of classification or shelving scheme Damaged status Not for loan Collection code Permanent location Current location Shelving location Date acquired Total Checkouts Full call number Barcode Date last seen Koha item type Price effective from
          Koleksioni Referal UBT - Lipjan UBT - Lipjan Koleksioni i përgjithshem 03/30/2015   336 RAP 002-002792 03/30/2015 Books  
          Koleksioni i përgjithshem UBT - Lipjan UBT - Lipjan Koleksioni i përgjithshem 04/22/2015   336 RAP 002-006825 04/22/2015 Books 04/22/2015
          Koleksioni i përgjithshem UBT - Lipjan UBT - Lipjan Koleksioni i përgjithshem 04/22/2015   336 RAP 002-006826 04/22/2015 Books 04/22/2015
          Koleksioni i përgjithshem UBT - Lipjan UBT - Lipjan Koleksioni i përgjithshem 04/22/2015   336 RAP 002-006827 04/22/2015 Books 04/22/2015
          Koleksioni i përgjithshem UBT - Lipjan UBT - Lipjan Koleksioni i përgjithshem 04/22/2015   336 RAP 002-006828 04/22/2015 Books 04/22/2015
          Koleksioni i përgjithshem UBT - Lipjan UBT - Lipjan Koleksioni i përgjithshem 04/22/2015   336 RAP 002-006829 04/22/2015 Books 04/22/2015
          Koleksioni i përgjithshem UBT - Lipjan UBT - Lipjan Koleksioni i përgjithshem 04/22/2015   336 RAP 002-006830 04/22/2015 Books 04/22/2015
          Koleksioni i përgjithshem UBT - Lipjan UBT - Lipjan Koleksioni i përgjithshem 04/22/2015   336 RAP 002-006831 04/22/2015 Books 04/22/2015
          Koleksioni i përgjithshem UBT - Lipjan UBT - Lipjan Koleksioni i përgjithshem 04/22/2015   336 RAP 002-006832 04/22/2015 Books 04/22/2015
          Koleksioni i përgjithshem UBT - Lipjan UBT - Lipjan Koleksioni i përgjithshem 04/22/2015   336 RAP 002-006833 04/22/2015 Books 04/22/2015
          Koleksioni i përgjithshem UBT - Lipjan UBT - Lipjan Koleksioni i përgjithshem 04/22/2015   336 RAP 002-006834 04/22/2015 Books 04/22/2015
          Koleksioni i përgjithshem UBT - Lipjan UBT - Lipjan Koleksioni i përgjithshem 04/22/2015   336 RAP 002-006835 04/22/2015 Books 04/22/2015
          Koleksioni i përgjithshem UBT - Lipjan UBT - Lipjan Koleksioni i përgjithshem 04/22/2015   336 RAP 002-006836 04/22/2015 Books 04/22/2015
          Koleksioni i përgjithshem UBT - Lipjan UBT - Lipjan Koleksioni i përgjithshem 04/22/2015   336 RAP 002-006837 04/22/2015 Books 04/22/2015
          Koleksioni i përgjithshem UBT - Lipjan UBT - Lipjan Koleksioni i përgjithshem 04/22/2015   336 RAP 002-006838 04/22/2015 Books 04/22/2015
          Koleksioni i përgjithshem UBT - Lipjan UBT - Lipjan Koleksioni i përgjithshem 04/22/2015   336 RAP 002-006839 04/22/2015 Books 04/22/2015
          Koleksioni i përgjithshem UBT - Lipjan UBT - Lipjan Koleksioni i përgjithshem 04/22/2015   336 RAP 002-006840 04/22/2015 Books 04/22/2015
          Koleksioni i përgjithshem UBT - Lipjan UBT - Lipjan Koleksioni i përgjithshem 04/22/2015   336 RAP 002-006841 04/22/2015 Books 04/22/2015
          Koleksioni i përgjithshem UBT - Lipjan UBT - Lipjan Koleksioni i përgjithshem 04/22/2015   336 RAP 002-006842 04/22/2015 Books 04/22/2015
          Koleksioni i përgjithshem UBT - Lipjan UBT - Lipjan Koleksioni i përgjithshem 04/22/2015   336 RAP 002-006843 04/22/2015 Books 04/22/2015
          Koleksioni i përgjithshem UBT - Lipjan UBT - Lipjan Koleksioni i përgjithshem 04/22/2015   336 RAP 002-006844 04/22/2015 Books 04/22/2015
          Koleksioni i përgjithshem UBT - Lipjan UBT - Lipjan Koleksioni i përgjithshem 04/22/2015   336 RAP 002-006845 04/22/2015 Books 04/22/2015
          Koleksioni i përgjithshem UBT - Lipjan UBT - Lipjan Koleksioni i përgjithshem 04/22/2015   336 RAP 002-006846 04/22/2015 Books 04/22/2015
          Koleksioni i përgjithshem UBT - Lipjan UBT - Lipjan Koleksioni i përgjithshem 04/22/2015   336 RAP 002-006847 04/22/2015 Books 04/22/2015
          Koleksioni i përgjithshem UBT - Lipjan UBT - Lipjan Koleksioni i përgjithshem 04/22/2015   336 RAP 002-006848 04/22/2015 Books 04/22/2015
          Koleksioni i përgjithshem UBT - Lipjan UBT - Lipjan Koleksioni i përgjithshem 04/22/2015   336 RAP 002-006849 04/22/2015 Books 04/22/2015
          Koleksioni i përgjithshem UBT - Lipjan UBT - Lipjan Koleksioni i përgjithshem 04/22/2015   336 RAP 002-006850 04/22/2015 Books 04/22/2015
          Koleksioni i përgjithshem UBT - Lipjan UBT - Lipjan Koleksioni i përgjithshem 04/22/2015   336 RAP 002-006851 04/22/2015 Books 04/22/2015
          Koleksioni i përgjithshem UBT - Lipjan UBT - Lipjan Koleksioni i përgjithshem 04/22/2015   336 RAP 002-006852 04/22/2015 Books 04/22/2015
          Koleksioni i përgjithshem UBT - Lipjan UBT - Lipjan Koleksioni i përgjithshem 04/22/2015   336 RAP 002-006853 04/22/2015 Books 04/22/2015
          Koleksioni i përgjithshem UBT - Lipjan UBT - Lipjan Koleksioni i përgjithshem 04/22/2015   336 RAP 002-006854 04/22/2015 Books 04/22/2015
          Koleksioni i përgjithshem UBT - Lipjan UBT - Lipjan Koleksioni i përgjithshem 04/22/2015   336 RAP 002-006855 04/22/2015 Books 04/22/2015
          Koleksioni i përgjithshem UBT - Lipjan UBT - Lipjan Koleksioni i përgjithshem 04/22/2015   336 RAP 002-006856 04/22/2015 Books 04/22/2015
          Koleksioni i përgjithshem UBT - Lipjan UBT - Lipjan Koleksioni i përgjithshem 04/22/2015   336 RAP 002-006857 04/22/2015 Books 04/22/2015
          Koleksioni i përgjithshem UBT - Lipjan UBT - Lipjan Koleksioni i përgjithshem 04/22/2015   336 RAP 002-006858 04/22/2015 Books 04/22/2015
          Koleksioni i përgjithshem UBT - Lipjan UBT - Lipjan Koleksioni i përgjithshem 04/22/2015   336 RAP 002-006859 04/22/2015 Books 04/22/2015
          Koleksioni i përgjithshem UBT - Lipjan UBT - Lipjan Koleksioni i përgjithshem 04/22/2015   336 RAP 002-006860 04/22/2015 Books 04/22/2015
          Koleksioni i përgjithshem UBT - Lipjan UBT - Lipjan Koleksioni i përgjithshem 04/22/2015   336 RAP 002-006861 04/22/2015 Books 04/22/2015
          Koleksioni i përgjithshem UBT - Lipjan UBT - Lipjan Koleksioni i përgjithshem 04/22/2015   336 RAP 002-006862 04/22/2015 Books 04/22/2015
          Koleksioni i përgjithshem UBT - Lipjan UBT - Lipjan Koleksioni i përgjithshem 04/22/2015   336 RAP 002-006863 04/22/2015 Books 04/22/2015
          Koleksioni i përgjithshem UBT - Lipjan UBT - Lipjan Koleksioni i përgjithshem 04/22/2015   336 RAP 002-006864 04/22/2015 Books 04/22/2015
          Koleksioni i përgjithshem UBT - Lipjan UBT - Lipjan Koleksioni i përgjithshem 04/22/2015   336 RAP 002-006865 04/22/2015 Books 04/22/2015
          Koleksioni i përgjithshem UBT - Lipjan UBT - Lipjan Koleksioni i përgjithshem 04/22/2015   336 RAP 002-006866 04/22/2015 Books 04/22/2015
          Koleksioni i përgjithshem UBT - Lipjan UBT - Lipjan Koleksioni i përgjithshem 04/22/2015   336 RAP 002-006867 04/22/2015 Books 04/22/2015
          Koleksioni i përgjithshem UBT - Lipjan UBT - Lipjan Koleksioni i përgjithshem 04/22/2015   336 RAP 002-006868 04/22/2015 Books 04/22/2015
          Koleksioni i përgjithshem UBT - Lipjan UBT - Lipjan Koleksioni i përgjithshem 04/22/2015   336 RAP 002-006869 04/22/2015 Books 04/22/2015
          Koleksioni i përgjithshem UBT - Lipjan UBT - Lipjan Koleksioni i përgjithshem 04/22/2015   336 RAP 002-006870 04/22/2015 Books 04/22/2015
          Koleksioni i përgjithshem UBT - Lipjan UBT - Lipjan Koleksioni i përgjithshem 04/22/2015   336 RAP 002-006871 04/22/2015 Books 04/22/2015
          Koleksioni i përgjithshem UBT - Lipjan UBT - Lipjan Koleksioni i përgjithshem 04/22/2015   336 RAP 002-006872 04/22/2015 Books 04/22/2015
          Koleksioni i përgjithshem UBT - Lipjan UBT - Lipjan Koleksioni i përgjithshem 04/22/2015   336 RAP 002-006873 04/22/2015 Books 04/22/2015
          Koleksioni i përgjithshem UBT - Lipjan UBT - Lipjan Koleksioni i përgjithshem 04/22/2015   336 RAP 002-006874 04/22/2015 Books 04/22/2015
          Koleksioni i përgjithshem UBT - Lipjan UBT - Lipjan Koleksioni i përgjithshem 04/22/2015   336 RAP 002-006875 04/22/2015 Books 04/22/2015
          Koleksioni i përgjithshem UBT - Lipjan UBT - Lipjan Koleksioni i përgjithshem 04/22/2015   336 RAP 002-006876 04/22/2015 Books 04/22/2015
          Koleksioni i përgjithshem UBT - Lipjan UBT - Lipjan Koleksioni i përgjithshem 04/22/2015   336 RAP 002-006877 04/22/2015 Books 04/22/2015
          Koleksioni i përgjithshem UBT - Lipjan UBT - Lipjan Koleksioni i përgjithshem 04/22/2015   336 RAP 002-006878 04/22/2015 Books 04/22/2015
          Koleksioni i përgjithshem UBT - Lipjan UBT - Lipjan Koleksioni i përgjithshem 04/22/2015   336 RAP 002-006879 04/22/2015 Books 04/22/2015
          Koleksioni i përgjithshem UBT - Lipjan UBT - Lipjan Koleksioni i përgjithshem 04/22/2015   336 RAP 002-006880 04/22/2015 Books 04/22/2015
          Koleksioni i përgjithshem UBT - Lipjan UBT - Lipjan Koleksioni i përgjithshem 04/22/2015   336 RAP 002-006881 04/22/2015 Books 04/22/2015
          Koleksioni i përgjithshem UBT - Lipjan UBT - Lipjan Koleksioni i përgjithshem 04/22/2015   336 RAP 002-006882 04/22/2015 Books 04/22/2015
          Koleksioni i përgjithshem UBT - Lipjan UBT - Lipjan Koleksioni i përgjithshem 04/22/2015   336 RAP 002-006883 04/22/2015 Books 04/22/2015
          Koleksioni i përgjithshem UBT - Lipjan UBT - Lipjan Koleksioni i përgjithshem 04/22/2015   336 RAP 002-006884 04/22/2015 Books 04/22/2015
          Koleksioni i përgjithshem UBT - Lipjan UBT - Lipjan Koleksioni i përgjithshem 04/22/2015   336 RAP 002-006885 04/22/2015 Books 04/22/2015
          Koleksioni i përgjithshem UBT - Lipjan UBT - Lipjan Koleksioni i përgjithshem 04/22/2015   336 RAP 002-006886 04/22/2015 Books 04/22/2015
          Koleksioni i përgjithshem UBT - Lipjan UBT - Lipjan Koleksioni i përgjithshem 04/22/2015   336 RAP 002-006887 04/22/2015 Books 04/22/2015
          Koleksioni i përgjithshem UBT - Lipjan UBT - Lipjan Koleksioni i përgjithshem 04/22/2015   336 RAP 002-006888 04/22/2015 Books 04/22/2015
          Koleksioni i përgjithshem UBT - Lipjan UBT - Lipjan Koleksioni i përgjithshem 04/22/2015   336 RAP 002-006889 04/22/2015 Books 04/22/2015
          Koleksioni i përgjithshem UBT - Lipjan UBT - Lipjan Koleksioni i përgjithshem 04/22/2015   336 RAP 002-006890 04/22/2015 Books 04/22/2015
          Koleksioni i përgjithshem UBT - Lipjan UBT - Lipjan Koleksioni i përgjithshem 04/22/2015   336 RAP 002-006891 04/22/2015 Books 04/22/2015
          Koleksioni i përgjithshem UBT - Lipjan UBT - Lipjan Koleksioni i përgjithshem 04/22/2015   336 RAP 002-006892 04/22/2015 Books 04/22/2015
          Koleksioni i përgjithshem UBT - Lipjan UBT - Lipjan Koleksioni i përgjithshem 04/22/2015   336 RAP 002-006893 04/22/2015 Books 04/22/2015
          Koleksioni i përgjithshem UBT - Lipjan UBT - Lipjan Koleksioni i përgjithshem 04/22/2015   336 RAP 002-006894 04/22/2015 Books 04/22/2015
          Koleksioni i përgjithshem UBT - Lipjan UBT - Lipjan Koleksioni i përgjithshem 04/22/2015   336 RAP 002-006895 04/22/2015 Books 04/22/2015
          Koleksioni i përgjithshem UBT - Lipjan UBT - Lipjan Koleksioni i përgjithshem 04/22/2015   336 RAP 002-006896 04/22/2015 Books 04/22/2015
          Koleksioni i përgjithshem UBT - Lipjan UBT - Lipjan Koleksioni i përgjithshem 04/22/2015   336 RAP 002-006897 04/22/2015 Books 04/22/2015
          Koleksioni i përgjithshem UBT - Lipjan UBT - Lipjan Koleksioni i përgjithshem 04/22/2015   336 RAP 002-006898 04/22/2015 Books 04/22/2015
          Koleksioni i përgjithshem UBT - Lipjan UBT - Lipjan Koleksioni i përgjithshem 04/22/2015   336 RAP 002-006899 04/22/2015 Books 04/22/2015
          Koleksioni i përgjithshem UBT - Lipjan UBT - Lipjan Koleksioni i përgjithshem 04/22/2015   336 RAP 002-006900 04/22/2015 Books 04/22/2015
          Koleksioni i përgjithshem UBT - Lipjan UBT - Lipjan Koleksioni i përgjithshem 04/22/2015   336 RAP 002-006901 04/22/2015 Books 04/22/2015
          Koleksioni i përgjithshem UBT - Lipjan UBT - Lipjan Koleksioni i përgjithshem 04/22/2015   336 RAP 002-006902 04/22/2015 Books 04/22/2015
          Koleksioni i përgjithshem UBT - Lipjan UBT - Lipjan Koleksioni i përgjithshem 04/22/2015   336 RAP 002-006903 04/22/2015 Books 04/22/2015
          Koleksioni i përgjithshem UBT - Lipjan UBT - Lipjan Koleksioni i përgjithshem 04/22/2015   336 RAP 002-006904 04/22/2015 Books 04/22/2015
          Koleksioni i përgjithshem UBT - Lipjan UBT - Lipjan Koleksioni i përgjithshem 04/22/2015   336 RAP 002-006905 04/22/2015 Books 04/22/2015
          Koleksioni i përgjithshem UBT - Lipjan UBT - Lipjan Koleksioni i përgjithshem 04/22/2015   336 RAP 002-006906 04/22/2015 Books 04/22/2015
          Koleksioni i përgjithshem UBT - Lipjan UBT - Lipjan Koleksioni i përgjithshem 04/22/2015   336 RAP 002-006907 04/22/2015 Books 04/22/2015
          Koleksioni i përgjithshem UBT - Lipjan UBT - Lipjan Koleksioni i përgjithshem 04/22/2015   336 RAP 002-006908 04/22/2015 Books 04/22/2015
          Koleksioni i përgjithshem UBT - Lipjan UBT - Lipjan Koleksioni i përgjithshem 04/22/2015   336 RAP 002-006909 04/22/2015 Books 04/22/2015
          Koleksioni i përgjithshem UBT - Lipjan UBT - Lipjan Koleksioni i përgjithshem 04/22/2015   336 RAP 002-006910 04/22/2015 Books 04/22/2015
          Koleksioni i përgjithshem UBT - Lipjan UBT - Lipjan Koleksioni i përgjithshem 04/22/2015   336 RAP 002-006911 04/22/2015 Books 04/22/2015
          Koleksioni i përgjithshem UBT - Lipjan UBT - Lipjan Koleksioni i përgjithshem 04/22/2015   336 RAP 002-006912 04/22/2015 Books 04/22/2015
          Koleksioni i përgjithshem UBT - Lipjan UBT - Lipjan Koleksioni i përgjithshem 04/22/2015   336 RAP 002-006913 04/22/2015 Books 04/22/2015
          Koleksioni i përgjithshem UBT - Lipjan UBT - Lipjan Koleksioni i përgjithshem 04/22/2015   336 RAP 002-006914 04/22/2015 Books 04/22/2015
          Koleksioni i përgjithshem UBT - Lipjan UBT - Lipjan Koleksioni i përgjithshem 04/22/2015   336 RAP 002-006915 04/22/2015 Books 04/22/2015
          Koleksioni i përgjithshem UBT - Lipjan UBT - Lipjan Koleksioni i përgjithshem 04/22/2015   336 RAP 002-006916 04/22/2015 Books 04/22/2015
          Koleksioni i përgjithshem UBT - Lipjan UBT - Lipjan Koleksioni i përgjithshem 04/22/2015   336 RAP 002-006917 04/22/2015 Books 04/22/2015
          Koleksioni i përgjithshem UBT - Lipjan UBT - Lipjan Koleksioni i përgjithshem 04/22/2015   336 RAP 002-006918 04/22/2015 Books 04/22/2015
          Koleksioni i përgjithshem UBT - Lipjan UBT - Lipjan Koleksioni i përgjithshem 04/22/2015   336 RAP 002-006919 04/22/2015 Books 04/22/2015
          Koleksioni i përgjithshem UBT - Lipjan UBT - Lipjan Koleksioni i përgjithshem 04/22/2015   336 RAP 002-006920 04/22/2015 Books 04/22/2015
          Koleksioni i përgjithshem UBT - Lipjan UBT - Lipjan Koleksioni i përgjithshem 04/22/2015   336 RAP 002-006921 04/22/2015 Books 04/22/2015
          Koleksioni i përgjithshem UBT - Lipjan UBT - Lipjan Koleksioni i përgjithshem 04/22/2015   336 RAP 002-006922 04/22/2015 Books 04/22/2015
          Koleksioni i përgjithshem UBT - Lipjan UBT - Lipjan Koleksioni i përgjithshem 04/22/2015   336 RAP 002-006923 04/22/2015 Books 04/22/2015
          Koleksioni i përgjithshem UBT - Lipjan UBT - Lipjan Koleksioni i përgjithshem 04/22/2015   336 RAP 002-006924 04/22/2015 Books 04/22/2015
          Koleksioni i përgjithshem UBT - Lipjan UBT - Lipjan Koleksioni i përgjithshem 04/22/2015   336 RAP 002-006925 04/22/2015 Books 04/22/2015
          Koleksioni i përgjithshem UBT - Lipjan UBT - Lipjan Koleksioni i përgjithshem 04/22/2015   336 RAP 002-006926 04/22/2015 Books 04/22/2015
          Koleksioni i përgjithshem UBT - Lipjan UBT - Lipjan Koleksioni i përgjithshem 04/22/2015   336 RAP 002-006927 04/22/2015 Books 04/22/2015
          Koleksioni i përgjithshem UBT - Lipjan UBT - Lipjan Koleksioni i përgjithshem 04/22/2015   336 RAP 002-006928 04/22/2015 Books 04/22/2015
          Koleksioni i përgjithshem UBT - Lipjan UBT - Lipjan Koleksioni i përgjithshem 04/22/2015   336 RAP 002-006929 04/22/2015 Books 04/22/2015
          Koleksioni i përgjithshem UBT - Lipjan UBT - Lipjan Koleksioni i përgjithshem 04/22/2015   336 RAP 002-006930 04/22/2015 Books 04/22/2015
          Koleksioni i përgjithshem UBT - Lipjan UBT - Lipjan Koleksioni i përgjithshem 04/22/2015   336 RAP 002-006931 04/22/2015 Books 04/22/2015
          Koleksioni i përgjithshem UBT - Lipjan UBT - Lipjan Koleksioni i përgjithshem 04/22/2015   336 RAP 002-006932 04/22/2015 Books 04/22/2015
          Koleksioni i përgjithshem UBT - Lipjan UBT - Lipjan Koleksioni i përgjithshem 04/22/2015   336 RAP 002-006933 04/22/2015 Books 04/22/2015
          Koleksioni i përgjithshem UBT - Lipjan UBT - Lipjan Koleksioni i përgjithshem 04/22/2015   336 RAP 002-006934 04/22/2015 Books 04/22/2015
          Koleksioni i përgjithshem UBT - Lipjan UBT - Lipjan Koleksioni i përgjithshem 04/22/2015   336 RAP 002-006935 04/22/2015 Books 04/22/2015
          Koleksioni i përgjithshem UBT - Lipjan UBT - Lipjan Koleksioni i përgjithshem 04/22/2015   336 RAP 002-006936 04/22/2015 Books 04/22/2015
          Koleksioni i përgjithshem UBT - Lipjan UBT - Lipjan Koleksioni i përgjithshem 04/22/2015   336 RAP 002-006937 04/22/2015 Books 04/22/2015
          Koleksioni i përgjithshem UBT - Lipjan UBT - Lipjan Koleksioni i përgjithshem 04/22/2015   336 RAP 002-006938 04/22/2015 Books 04/22/2015
          Koleksioni i përgjithshem UBT - Lipjan UBT - Lipjan Koleksioni i përgjithshem 04/22/2015   336 RAP 002-006939 04/22/2015 Books 04/22/2015
          Koleksioni i përgjithshem UBT - Lipjan UBT - Lipjan Koleksioni i përgjithshem 04/22/2015   336 RAP 002-006940 04/22/2015 Books 04/22/2015
          Koleksioni i përgjithshem UBT - Lipjan UBT - Lipjan Koleksioni i përgjithshem 04/22/2015   336 RAP 002-006941 04/22/2015 Books 04/22/2015
          Koleksioni i përgjithshem UBT - Lipjan UBT - Lipjan Koleksioni i përgjithshem 04/22/2015   336 RAP 002-006942 04/22/2015 Books 04/22/2015
          Koleksioni i përgjithshem UBT - Lipjan UBT - Lipjan Koleksioni i përgjithshem 04/22/2015   336 RAP 002-006943 04/22/2015 Books 04/22/2015
          Koleksioni i përgjithshem UBT - Lipjan UBT - Lipjan Koleksioni i përgjithshem 04/22/2015   336 RAP 002-006944 04/22/2015 Books 04/22/2015
          Koleksioni i përgjithshem UBT - Lipjan UBT - Lipjan Koleksioni i përgjithshem 04/22/2015   336 RAP 002-006945 04/22/2015 Books 04/22/2015
          Koleksioni i përgjithshem UBT - Lipjan UBT - Lipjan Koleksioni i përgjithshem 04/22/2015   336 RAP 002-006946 04/22/2015 Books 04/22/2015
          Koleksioni i përgjithshem UBT - Lipjan UBT - Lipjan Koleksioni i përgjithshem 04/22/2015   336 RAP 002-006947 04/22/2015 Books 04/22/2015
          Koleksioni i përgjithshem UBT - Lipjan UBT - Lipjan Koleksioni i përgjithshem 04/22/2015   336 RAP 002-006948 04/22/2015 Books 04/22/2015
          Koleksioni i përgjithshem UBT - Lipjan UBT - Lipjan Koleksioni i përgjithshem 04/22/2015   336 RAP 002-006949 04/22/2015 Books 04/22/2015
          Koleksioni i përgjithshem UBT - Lipjan UBT - Lipjan Koleksioni i përgjithshem 04/22/2015   336 RAP 002-006950 04/22/2015 Books 04/22/2015
          Koleksioni i përgjithshem UBT - Lipjan UBT - Lipjan Koleksioni i përgjithshem 04/22/2015   336 RAP 002-006951 04/22/2015 Books 04/22/2015
          Koleksioni i përgjithshem UBT - Lipjan UBT - Lipjan Koleksioni i përgjithshem 04/22/2015   336 RAP 002-006952 04/22/2015 Books 04/22/2015
          Koleksioni i përgjithshem UBT - Lipjan UBT - Lipjan Koleksioni i përgjithshem 04/22/2015   336 RAP 002-006953 04/22/2015 Books 04/22/2015
          Koleksioni i përgjithshem UBT - Lipjan UBT - Lipjan Koleksioni i përgjithshem 04/22/2015   336 RAP 002-006954 04/22/2015 Books 04/22/2015
          Koleksioni i përgjithshem UBT - Lipjan UBT - Lipjan Koleksioni i përgjithshem 04/22/2015   336 RAP 002-005915 04/22/2015 Books 04/22/2015
          Koleksioni i përgjithshem UBT - Lipjan UBT - Lipjan Koleksioni i përgjithshem 04/22/2015   336 RAP 002-005916 04/22/2015 Books 04/22/2015
          Koleksioni i përgjithshem UBT - Lipjan UBT - Lipjan Koleksioni i përgjithshem 04/22/2015   336 RAP 002-005917 04/22/2015 Books 04/22/2015
          Koleksioni i përgjithshem UBT - Lipjan UBT - Lipjan Koleksioni i përgjithshem 04/22/2015   336 RAP 002-005918 04/22/2015 Books 04/22/2015
          Koleksioni i përgjithshem UBT - Lipjan UBT - Lipjan Koleksioni i përgjithshem 04/22/2015   336 RAP 002-005919 04/22/2015 Books 04/22/2015
          Koleksioni i përgjithshem UBT - Lipjan UBT - Lipjan Koleksioni i përgjithshem 04/22/2015   336 RAP 002-005920 04/22/2015 Books 04/22/2015
          Koleksioni i përgjithshem UBT - Lipjan UBT - Lipjan Koleksioni i përgjithshem 04/22/2015   336 RAP 002-005921 04/22/2015 Books 04/22/2015
          Koleksioni i përgjithshem UBT - Lipjan UBT - Lipjan Koleksioni i përgjithshem 04/22/2015   336 RAP 002-005922 04/22/2015 Books 04/22/2015
          Koleksioni i përgjithshem UBT - Lipjan UBT - Lipjan Koleksioni i përgjithshem 04/22/2015   336 RAP 002-005923 04/22/2015 Books 04/22/2015
          Koleksioni i përgjithshem UBT - Lipjan UBT - Lipjan Koleksioni i përgjithshem 04/22/2015   336 RAP 002-005924 04/22/2015 Books 04/22/2015
          Koleksioni i përgjithshem UBT - Lipjan UBT - Lipjan Koleksioni i përgjithshem 04/22/2015   336 RAP 002-005925 04/22/2015 Books 04/22/2015
          Koleksioni i përgjithshem UBT - Lipjan UBT - Lipjan Koleksioni i përgjithshem 04/22/2015   336 RAP 002-005926 04/22/2015 Books 04/22/2015
          Koleksioni i përgjithshem UBT - Lipjan UBT - Lipjan Koleksioni i përgjithshem 04/22/2015   336 RAP 002-005927 04/22/2015 Books 04/22/2015
          Koleksioni i përgjithshem UBT - Lipjan UBT - Lipjan Koleksioni i përgjithshem 04/22/2015   336 RAP 002-005928 04/22/2015 Books 04/22/2015
          Koleksioni i përgjithshem UBT - Lipjan UBT - Lipjan Koleksioni i përgjithshem 04/22/2015   336 RAP 002-005929 04/22/2015 Books 04/22/2015
          Koleksioni i përgjithshem UBT - Lipjan UBT - Lipjan Koleksioni i përgjithshem 04/22/2015   336 RAP 002-005930 04/22/2015 Books 04/22/2015
          Koleksioni i përgjithshem UBT - Lipjan UBT - Lipjan Koleksioni i përgjithshem 04/22/2015   336 RAP 002-005931 04/22/2015 Books 04/22/2015
          Koleksioni i përgjithshem UBT - Lipjan UBT - Lipjan Koleksioni i përgjithshem 04/22/2015   336 RAP 002-005932 04/22/2015 Books 04/22/2015
          Koleksioni i përgjithshem UBT - Lipjan UBT - Lipjan Koleksioni i përgjithshem 04/22/2015   336 RAP 002-005933 04/22/2015 Books 04/22/2015
          Koleksioni i përgjithshem UBT - Lipjan UBT - Lipjan Koleksioni i përgjithshem 04/22/2015   336 RAP 002-005934 04/22/2015 Books 04/22/2015
          Koleksioni i përgjithshem UBT - Lipjan UBT - Lipjan Koleksioni i përgjithshem 04/22/2015   336 RAP 002-005935 04/22/2015 Books 04/22/2015
          Koleksioni i përgjithshem UBT - Lipjan UBT - Lipjan Koleksioni i përgjithshem 04/22/2015   336 RAP 002-005936 04/22/2015 Books 04/22/2015
          Koleksioni i përgjithshem UBT - Lipjan UBT - Lipjan Koleksioni i përgjithshem 04/22/2015   336 RAP 002-005937 04/22/2015 Books 04/22/2015
          Koleksioni i përgjithshem UBT - Lipjan UBT - Lipjan Koleksioni i përgjithshem 04/22/2015   336 RAP 002-005938 04/22/2015 Books 04/22/2015
          Koleksioni i përgjithshem UBT - Lipjan UBT - Lipjan Koleksioni i përgjithshem 04/22/2015   336 RAP 002-005939 04/22/2015 Books 04/22/2015
          Koleksioni i përgjithshem UBT - Lipjan UBT - Lipjan Koleksioni i përgjithshem 04/22/2015   336 RAP 002-005940 04/22/2015 Books 04/22/2015
          Koleksioni i përgjithshem UBT - Lipjan UBT - Lipjan Koleksioni i përgjithshem 04/22/2015   336 RAP 002-005941 04/22/2015 Books 04/22/2015
          Koleksioni i përgjithshem UBT - Lipjan UBT - Lipjan Koleksioni i përgjithshem 04/22/2015   336 RAP 002-005942 04/22/2015 Books 04/22/2015
          Koleksioni i përgjithshem UBT - Lipjan UBT - Lipjan Koleksioni i përgjithshem 04/22/2015   336 RAP 002-005943 04/22/2015 Books 04/22/2015
          Koleksioni i përgjithshem UBT - Lipjan UBT - Lipjan Koleksioni i përgjithshem 04/22/2015   336 RAP 002-005944 04/22/2015 Books 04/22/2015
          Koleksioni i përgjithshem UBT - Lipjan UBT - Lipjan Koleksioni i përgjithshem 04/22/2015   336 RAP 002-005945 04/22/2015 Books 04/22/2015
          Koleksioni i përgjithshem UBT - Lipjan UBT - Lipjan Koleksioni i përgjithshem 04/22/2015   336 RAP 002-005946 04/22/2015 Books 04/22/2015
          Koleksioni i përgjithshem UBT - Lipjan UBT - Lipjan Koleksioni i përgjithshem 04/22/2015   336 RAP 002-005947 04/22/2015 Books 04/22/2015
          Koleksioni i përgjithshem UBT - Lipjan UBT - Lipjan Koleksioni i përgjithshem 04/22/2015   336 RAP 002-005948 04/22/2015 Books 04/22/2015
          Koleksioni i përgjithshem UBT - Lipjan UBT - Lipjan Koleksioni i përgjithshem 04/22/2015   336 RAP 002-005949 04/22/2015 Books 04/22/2015
          Koleksioni i përgjithshem UBT - Lipjan UBT - Lipjan Koleksioni i përgjithshem 04/22/2015   336 RAP 002-005950 04/22/2015 Books 04/22/2015
          Koleksioni i përgjithshem UBT - Lipjan UBT - Lipjan Koleksioni i përgjithshem 04/22/2015   336 RAP 002-005951 04/22/2015 Books 04/22/2015
          Koleksioni i përgjithshem UBT - Lipjan UBT - Lipjan Koleksioni i përgjithshem 04/22/2015   336 RAP 002-005952 04/22/2015 Books 04/22/2015
          Koleksioni i përgjithshem UBT - Lipjan UBT - Lipjan Koleksioni i përgjithshem 04/22/2015   336 RAP 002-005953 04/22/2015 Books 04/22/2015
          Koleksioni i përgjithshem UBT - Lipjan UBT - Lipjan Koleksioni i përgjithshem 04/22/2015   336 RAP 002-005954 04/22/2015 Books 04/22/2015
          Koleksioni i përgjithshem UBT - Lipjan UBT - Lipjan Koleksioni i përgjithshem 04/22/2015   336 RAP 002-005955 04/22/2015 Books 04/22/2015
          Koleksioni i përgjithshem UBT - Lipjan UBT - Lipjan Koleksioni i përgjithshem 04/22/2015   336 RAP 002-005956 04/22/2015 Books 04/22/2015
          Koleksioni i përgjithshem UBT - Lipjan UBT - Lipjan Koleksioni i përgjithshem 04/22/2015   336 RAP 002-005957 04/22/2015 Books 04/22/2015
          Koleksioni i përgjithshem UBT - Lipjan UBT - Lipjan Koleksioni i përgjithshem 04/22/2015   336 RAP 002-005958 04/22/2015 Books 04/22/2015
          Koleksioni i përgjithshem UBT - Lipjan UBT - Lipjan Koleksioni i përgjithshem 04/22/2015   336 RAP 002-005959 04/22/2015 Books 04/22/2015
          Koleksioni i përgjithshem UBT - Lipjan UBT - Lipjan Koleksioni i përgjithshem 04/22/2015   336 RAP 002-005960 04/22/2015 Books 04/22/2015
          Koleksioni i përgjithshem UBT - Lipjan UBT - Lipjan Koleksioni i përgjithshem 04/22/2015   336 RAP 002-005961 04/22/2015 Books 04/22/2015
          Koleksioni i përgjithshem UBT - Lipjan UBT - Lipjan Koleksioni i përgjithshem 04/22/2015   336 RAP 002-005962 04/22/2015 Books 04/22/2015
          Koleksioni i përgjithshem UBT - Lipjan UBT - Lipjan Koleksioni i përgjithshem 04/22/2015   336 RAP 002-005963 04/22/2015 Books 04/22/2015
          Koleksioni i përgjithshem UBT - Lipjan UBT - Lipjan Koleksioni i përgjithshem 04/22/2015   336 RAP 002-005964 09/27/2019 Books 04/22/2015
          Koleksioni i përgjithshem UBT - Lipjan UBT - Lipjan Koleksioni i përgjithshem 04/22/2015   336 RAP 002-005965 04/22/2015 Books 04/22/2015
          Koleksioni i përgjithshem UBT - Lipjan UBT - Lipjan Koleksioni i përgjithshem 04/22/2015   336 RAP 002-005966 04/22/2015 Books 04/22/2015
          Koleksioni i përgjithshem UBT - Lipjan UBT - Lipjan Koleksioni i përgjithshem 04/22/2015   336 RAP 002-005967 04/22/2015 Books 04/22/2015
          Koleksioni i përgjithshem UBT - Lipjan UBT - Lipjan Koleksioni i përgjithshem 04/22/2015   336 RAP 002-005968 04/22/2015 Books 04/22/2015
          Koleksioni i përgjithshem UBT - Lipjan UBT - Lipjan Koleksioni i përgjithshem 04/22/2015   336 RAP 002-005969 10/13/2017 Books 04/22/2015
          Koleksioni i përgjithshem UBT - Lipjan UBT - Lipjan Koleksioni i përgjithshem 04/22/2015   336 RAP 002-005970 04/22/2015 Books 04/22/2015
          Koleksioni i përgjithshem UBT - Lipjan UBT - Lipjan Koleksioni i përgjithshem 04/22/2015   336 RAP 002-005971 04/22/2015 Books 04/22/2015
          Koleksioni i përgjithshem UBT - Lipjan UBT - Lipjan Koleksioni i përgjithshem 04/22/2015   336 RAP 002-005972 04/22/2015 Books 04/22/2015
          Koleksioni i përgjithshem UBT - Lipjan UBT - Lipjan Koleksioni i përgjithshem 04/22/2015   336 RAP 002-005973 04/22/2015 Books 04/22/2015
          Koleksioni i përgjithshem UBT - Lipjan UBT - Lipjan Koleksioni i përgjithshem 04/22/2015   336 RAP 002-005974 04/22/2015 Books 04/22/2015
          Koleksioni i përgjithshem UBT - Lipjan UBT - Lipjan Koleksioni i përgjithshem 04/22/2015   336 RAP 002-005975 04/22/2015 Books 04/22/2015
          Koleksioni i përgjithshem UBT - Lipjan UBT - Lipjan Koleksioni i përgjithshem 04/22/2015   336 RAP 002-005976 04/22/2015 Books 04/22/2015
          Koleksioni i përgjithshem UBT - Lipjan UBT - Lipjan Koleksioni i përgjithshem 04/22/2015   336 RAP 002-005977 04/22/2015 Books 04/22/2015
          Koleksioni i përgjithshem UBT - Lipjan UBT - Lipjan Koleksioni i përgjithshem 04/22/2015   336 RAP 002-005978 04/22/2015 Books 04/22/2015
          Koleksioni i përgjithshem UBT - Lipjan UBT - Lipjan Koleksioni i përgjithshem 04/22/2015   336 RAP 002-005979 04/22/2015 Books 04/22/2015
          Koleksioni i përgjithshem UBT - Lipjan UBT - Lipjan Koleksioni i përgjithshem 04/22/2015   336 RAP 002-005785 04/22/2015 Books 04/22/2015
          Koleksioni i përgjithshem UBT - Lipjan UBT - Lipjan Koleksioni i përgjithshem 04/22/2015   336 RAP 002-005786 04/22/2015 Books 04/22/2015
          Koleksioni i përgjithshem UBT - Lipjan UBT - Lipjan Koleksioni i përgjithshem 04/22/2015   336 RAP 002-005787 04/22/2015 Books 04/22/2015
          Koleksioni i përgjithshem UBT - Lipjan UBT - Lipjan Koleksioni i përgjithshem 04/22/2015   336 RAP 002-005788 04/22/2015 Books 04/22/2015
          Koleksioni i përgjithshem UBT - Lipjan UBT - Lipjan Koleksioni i përgjithshem 04/22/2015   336 RAP 002-005789 04/22/2015 Books 04/22/2015
          Koleksioni i përgjithshem UBT - Lipjan UBT - Lipjan Koleksioni i përgjithshem 04/22/2015   336 RAP 002-005790 04/22/2015 Books 04/22/2015
          Koleksioni i përgjithshem UBT - Lipjan UBT - Lipjan Koleksioni i përgjithshem 04/22/2015   336 RAP 002-005791 04/22/2015 Books 04/22/2015
          Koleksioni i përgjithshem UBT - Lipjan UBT - Lipjan Koleksioni i përgjithshem 04/22/2015   336 RAP 002-005792 04/22/2015 Books 04/22/2015
          Koleksioni i përgjithshem UBT - Lipjan UBT - Lipjan Koleksioni i përgjithshem 04/22/2015   336 RAP 002-005793 04/22/2015 Books 04/22/2015
          Koleksioni i përgjithshem UBT - Lipjan UBT - Lipjan Koleksioni i përgjithshem 04/22/2015   336 RAP 002-005794 04/22/2015 Books 04/22/2015
          Koleksioni i përgjithshem UBT - Lipjan UBT - Lipjan Koleksioni i përgjithshem 04/22/2015   336 RAP 002-005795 04/22/2015 Books 04/22/2015
          Koleksioni i përgjithshem UBT - Lipjan UBT - Lipjan Koleksioni i përgjithshem 04/22/2015   336 RAP 002-005796 04/22/2015 Books 04/22/2015
          Koleksioni i përgjithshem UBT - Lipjan UBT - Lipjan Koleksioni i përgjithshem 04/22/2015   336 RAP 002-005797 04/22/2015 Books 04/22/2015
          Koleksioni i përgjithshem UBT - Lipjan UBT - Lipjan Koleksioni i përgjithshem 04/22/2015   336 RAP 002-005798 04/22/2015 Books 04/22/2015
          Koleksioni i përgjithshem UBT - Lipjan UBT - Lipjan Koleksioni i përgjithshem 04/22/2015   336 RAP 002-005799 04/22/2015 Books 04/22/2015
          Koleksioni i përgjithshem UBT - Lipjan UBT - Lipjan Koleksioni i përgjithshem 04/22/2015   336 RAP 002-005800 04/22/2015 Books 04/22/2015
          Koleksioni i përgjithshem UBT - Lipjan UBT - Lipjan Koleksioni i përgjithshem 04/22/2015   336 RAP 002-005801 04/22/2015 Books 04/22/2015
          Koleksioni i përgjithshem UBT - Lipjan UBT - Lipjan Koleksioni i përgjithshem 04/22/2015   336 RAP 002-005802 04/22/2015 Books 04/22/2015
          Koleksioni i përgjithshem UBT - Lipjan UBT - Lipjan Koleksioni i përgjithshem 04/22/2015   336 RAP 002-005803 04/22/2015 Books 04/22/2015
          Koleksioni i përgjithshem UBT - Lipjan UBT - Lipjan Koleksioni i përgjithshem 04/22/2015   336 RAP 002-005804 04/22/2015 Books 04/22/2015
          Koleksioni i përgjithshem UBT - Lipjan UBT - Lipjan Koleksioni i përgjithshem 04/22/2015   336 RAP 002-005805 04/22/2015 Books 04/22/2015
          Koleksioni i përgjithshem UBT - Lipjan UBT - Lipjan Koleksioni i përgjithshem 04/22/2015   336 RAP 002-005806 04/22/2015 Books 04/22/2015
          Koleksioni i përgjithshem UBT - Lipjan UBT - Lipjan Koleksioni i përgjithshem 04/22/2015   336 RAP 002-005807 04/22/2015 Books 04/22/2015
          Koleksioni i përgjithshem UBT - Lipjan UBT - Lipjan Koleksioni i përgjithshem 04/22/2015   336 RAP 002-005808 04/22/2015 Books 04/22/2015
          Koleksioni i përgjithshem UBT - Lipjan UBT - Lipjan Koleksioni i përgjithshem 04/22/2015   336 RAP 002-005809 04/22/2015 Books 04/22/2015
          Koleksioni i përgjithshem UBT - Lipjan UBT - Lipjan Koleksioni i përgjithshem 04/22/2015   336 RAP 002-005810 04/22/2015 Books 04/22/2015
          Koleksioni i përgjithshem UBT - Lipjan UBT - Lipjan Koleksioni i përgjithshem 04/22/2015   336 RAP 002-005811 04/22/2015 Books 04/22/2015
          Koleksioni i përgjithshem UBT - Lipjan UBT - Lipjan Koleksioni i përgjithshem 04/22/2015   336 RAP 002-005812 04/22/2015 Books 04/22/2015
          Koleksioni i përgjithshem UBT - Lipjan UBT - Lipjan Koleksioni i përgjithshem 04/22/2015   336 RAP 002-005813 04/22/2015 Books 04/22/2015
          Koleksioni i përgjithshem UBT - Lipjan UBT - Lipjan Koleksioni i përgjithshem 04/22/2015   336 RAP 002-005814 04/22/2015 Books 04/22/2015
          Koleksioni i përgjithshem UBT - Lipjan UBT - Lipjan Koleksioni i përgjithshem 04/22/2015   336 RAP 002-005815 04/22/2015 Books 04/22/2015
          Koleksioni i përgjithshem UBT - Lipjan UBT - Lipjan Koleksioni i përgjithshem 04/22/2015   336 RAP 002-005816 04/22/2015 Books 04/22/2015
          Koleksioni i përgjithshem UBT - Lipjan UBT - Lipjan Koleksioni i përgjithshem 04/22/2015   336 RAP 002-005817 04/22/2015 Books 04/22/2015
          Koleksioni i përgjithshem UBT - Lipjan UBT - Lipjan Koleksioni i përgjithshem 04/22/2015   336 RAP 002-005818 04/22/2015 Books 04/22/2015
          Koleksioni i përgjithshem UBT - Lipjan UBT - Lipjan Koleksioni i përgjithshem 04/22/2015   336 RAP 002-005819 04/22/2015 Books 04/22/2015
          Koleksioni i përgjithshem UBT - Lipjan UBT - Lipjan Koleksioni i përgjithshem 04/22/2015   336 RAP 002-005820 04/22/2015 Books 04/22/2015
          Koleksioni i përgjithshem UBT - Lipjan UBT - Lipjan Koleksioni i përgjithshem 04/22/2015   336 RAP 002-005821 04/22/2015 Books 04/22/2015
          Koleksioni i përgjithshem UBT - Lipjan UBT - Lipjan Koleksioni i përgjithshem 04/22/2015   336 RAP 002-005822 04/22/2015 Books 04/22/2015
          Koleksioni i përgjithshem UBT - Lipjan UBT - Lipjan Koleksioni i përgjithshem 04/22/2015   336 RAP 002-005823 04/22/2015 Books 04/22/2015
          Koleksioni i përgjithshem UBT - Lipjan UBT - Lipjan Koleksioni i përgjithshem 04/22/2015   336 RAP 002-005824 04/22/2015 Books 04/22/2015
          Koleksioni i përgjithshem UBT - Lipjan UBT - Lipjan Koleksioni i përgjithshem 04/22/2015   336 RAP 002-005825 04/22/2015 Books 04/22/2015
          Koleksioni i përgjithshem UBT - Lipjan UBT - Lipjan Koleksioni i përgjithshem 04/22/2015   336 RAP 002-005826 04/22/2015 Books 04/22/2015
          Koleksioni i përgjithshem UBT - Lipjan UBT - Lipjan Koleksioni i përgjithshem 04/22/2015   336 RAP 002-005827 04/22/2015 Books 04/22/2015
          Koleksioni i përgjithshem UBT - Lipjan UBT - Lipjan Koleksioni i përgjithshem 04/22/2015   336 RAP 002-005828 04/22/2015 Books 04/22/2015
          Koleksioni i përgjithshem UBT - Lipjan UBT - Lipjan Koleksioni i përgjithshem 04/22/2015   336 RAP 002-005829 04/22/2015 Books 04/22/2015
          Koleksioni i përgjithshem UBT - Lipjan UBT - Lipjan Koleksioni i përgjithshem 04/22/2015   336 RAP 002-005830 04/22/2015 Books 04/22/2015
          Koleksioni i përgjithshem UBT - Lipjan UBT - Lipjan Koleksioni i përgjithshem 04/22/2015   336 RAP 002-005831 04/22/2015 Books 04/22/2015
          Koleksioni i përgjithshem UBT - Lipjan UBT - Lipjan Koleksioni i përgjithshem 04/22/2015   336 RAP 002-005832 04/22/2015 Books 04/22/2015
          Koleksioni i përgjithshem UBT - Lipjan UBT - Lipjan Koleksioni i përgjithshem 04/22/2015   336 RAP 002-005833 04/22/2015 Books 04/22/2015
          Koleksioni i përgjithshem UBT - Lipjan UBT - Lipjan Koleksioni i përgjithshem 04/22/2015   336 RAP 002-005834 04/22/2015 Books 04/22/2015
          Koleksioni i përgjithshem UBT - Lipjan UBT - Lipjan Koleksioni i përgjithshem 04/22/2015   336 RAP 002-005835 04/22/2015 Books 04/22/2015
          Koleksioni i përgjithshem UBT - Lipjan UBT - Lipjan Koleksioni i përgjithshem 04/22/2015   336 RAP 002-005836 04/22/2015 Books 04/22/2015
          Koleksioni i përgjithshem UBT - Lipjan UBT - Lipjan Koleksioni i përgjithshem 04/22/2015   336 RAP 002-005837 11/07/2017 Books 04/22/2015
          Koleksioni i përgjithshem UBT - Lipjan UBT - Lipjan Koleksioni i përgjithshem 04/22/2015   336 RAP 002-005838 04/22/2015 Books 04/22/2015
          Koleksioni i përgjithshem UBT - Lipjan UBT - Lipjan Koleksioni i përgjithshem 04/22/2015   336 RAP 002-005839 04/22/2015 Books 04/22/2015
          Koleksioni i përgjithshem UBT - Lipjan UBT - Lipjan Koleksioni i përgjithshem 04/22/2015   336 RAP 002-005840 04/22/2015 Books 04/22/2015
          Koleksioni i përgjithshem UBT - Lipjan UBT - Lipjan Koleksioni i përgjithshem 04/22/2015   336 RAP 002-005841 04/22/2015 Books 04/22/2015
          Koleksioni i përgjithshem UBT - Lipjan UBT - Lipjan Koleksioni i përgjithshem 04/22/2015   336 RAP 002-005842 04/22/2015 Books 04/22/2015
          Koleksioni i përgjithshem UBT - Lipjan UBT - Lipjan Koleksioni i përgjithshem 04/22/2015   336 RAP 002-005843 04/22/2015 Books 04/22/2015
          Koleksioni i përgjithshem UBT - Lipjan UBT - Lipjan Koleksioni i përgjithshem 04/22/2015   336 RAP 002-005844 04/22/2015 Books 04/22/2015
          Koleksioni i përgjithshem UBT - Lipjan UBT - Lipjan Koleksioni i përgjithshem 04/22/2015   336 RAP 002-005845 04/22/2015 Books 04/22/2015
          Koleksioni i përgjithshem UBT - Lipjan UBT - Lipjan Koleksioni i përgjithshem 04/22/2015   336 RAP 002-005846 04/22/2015 Books 04/22/2015
          Koleksioni i përgjithshem UBT - Lipjan UBT - Lipjan Koleksioni i përgjithshem 04/22/2015   336 RAP 002-005847 04/22/2015 Books 04/22/2015
          Koleksioni i përgjithshem UBT - Lipjan UBT - Lipjan Koleksioni i përgjithshem 04/22/2015   336 RAP 002-005848 04/22/2015 Books 04/22/2015
          Koleksioni i përgjithshem UBT - Lipjan UBT - Lipjan Koleksioni i përgjithshem 04/22/2015   336 RAP 002-005849 04/22/2015 Books 04/22/2015
          Koleksioni i përgjithshem UBT - Lipjan UBT - Lipjan Koleksioni i përgjithshem 04/22/2015   336 RAP 002-005721 04/22/2015 Books 04/22/2015
          Koleksioni i përgjithshem UBT - Lipjan UBT - Lipjan Koleksioni i përgjithshem 04/22/2015   336 RAP 002-005720 04/22/2015 Books 04/22/2015
          Koleksioni i përgjithshem UBT - Lipjan UBT - Lipjan Koleksioni i përgjithshem 04/22/2015   336 RAP 002-006777 04/22/2015 Books 04/22/2015
          Koleksioni i përgjithshem UBT - Lipjan UBT - Lipjan Koleksioni i përgjithshem 04/22/2015   336 RAP 002-006778 04/22/2015 Books 04/22/2015
          Koleksioni i përgjithshem UBT - Lipjan UBT - Lipjan Koleksioni i përgjithshem 04/22/2015   336 RAP 002-006779 04/22/2015 Books 04/22/2015
          Koleksioni i përgjithshem UBT - Lipjan UBT - Lipjan Koleksioni i përgjithshem 04/22/2015   336 RAP 002-006780 04/22/2015 Books 04/22/2015
          Koleksioni i përgjithshem UBT - Lipjan UBT - Lipjan Koleksioni i përgjithshem 04/22/2015   336 RAP 002-006781 04/22/2015 Books 04/22/2015
          Koleksioni i përgjithshem UBT - Lipjan UBT - Lipjan Koleksioni i përgjithshem 04/22/2015   336 RAP 002-006783 04/22/2015 Books 04/22/2015
          Koleksioni i përgjithshem UBT - Lipjan UBT - Lipjan Koleksioni i përgjithshem 04/22/2015   336 RAP 002-006784 04/22/2015 Books 04/22/2015
          Koleksioni i përgjithshem UBT - Lipjan UBT - Lipjan Koleksioni i përgjithshem 04/22/2015   336 RAP 002-006785 04/22/2015 Books 04/22/2015
          Koleksioni i përgjithshem UBT - Lipjan UBT - Lipjan Koleksioni i përgjithshem 04/22/2015   336 RAP 002-006786 04/22/2015 Books 04/22/2015
          Koleksioni i përgjithshem UBT - Lipjan UBT - Lipjan Koleksioni i përgjithshem 04/22/2015   336 RAP 002-006787 04/22/2015 Books 04/22/2015
          Koleksioni i përgjithshem UBT - Lipjan UBT - Lipjan Koleksioni i përgjithshem 04/22/2015   336 RAP 002-006788 04/22/2015 Books 04/22/2015
          Koleksioni i përgjithshem UBT - Lipjan UBT - Lipjan Koleksioni i përgjithshem 04/22/2015   336 RAP 002-006789 04/22/2015 Books 04/22/2015
          Koleksioni i përgjithshem UBT - Lipjan UBT - Lipjan Koleksioni i përgjithshem 04/22/2015   336 RAP 002-006790 04/22/2015 Books 04/22/2015
          Koleksioni i përgjithshem UBT - Lipjan UBT - Lipjan Koleksioni i përgjithshem 04/22/2015   336 RAP 002-006791 04/22/2015 Books 04/22/2015
          Koleksioni i përgjithshem UBT - Lipjan UBT - Lipjan Koleksioni i përgjithshem 04/22/2015   336 RAP 002-006792 04/22/2015 Books 04/22/2015
          Koleksioni i përgjithshem UBT - Lipjan UBT - Lipjan Koleksioni i përgjithshem 04/22/2015   336 RAP 002-006793 04/22/2015 Books 04/22/2015
          Koleksioni i përgjithshem UBT - Lipjan UBT - Lipjan Koleksioni i përgjithshem 04/22/2015   336 RAP 002-006794 04/22/2015 Books 04/22/2015
          Koleksioni i përgjithshem UBT - Lipjan UBT - Lipjan Koleksioni i përgjithshem 04/22/2015   336 RAP 002-006795 04/22/2015 Books 04/22/2015
          Koleksioni i përgjithshem UBT - Lipjan UBT - Lipjan Koleksioni i përgjithshem 04/22/2015   336 RAP 002-006796 04/22/2015 Books 04/22/2015
          Koleksioni i përgjithshem UBT - Lipjan UBT - Lipjan Koleksioni i përgjithshem 04/22/2015   336 RAP 002-006797 04/22/2015 Books 04/22/2015
          Koleksioni i përgjithshem UBT - Lipjan UBT - Lipjan Koleksioni i përgjithshem 04/22/2015   336 RAP 002-006798 04/22/2015 Books 04/22/2015
          Koleksioni i përgjithshem UBT - Lipjan UBT - Lipjan Koleksioni i përgjithshem 04/22/2015   336 RAP 002-006799 04/22/2015 Books 04/22/2015
          Koleksioni i përgjithshem UBT - Lipjan UBT - Lipjan Koleksioni i përgjithshem 04/22/2015   336 RAP 002-006800 04/22/2015 Books 04/22/2015
          Koleksioni i përgjithshem UBT - Lipjan UBT - Lipjan Koleksioni i përgjithshem 04/22/2015   336 RAP 002-006801 04/22/2015 Books 04/22/2015
          Koleksioni i përgjithshem UBT - Lipjan UBT - Lipjan Koleksioni i përgjithshem 04/22/2015   336 RAP 002-006802 04/22/2015 Books 04/22/2015
          Koleksioni i përgjithshem UBT - Lipjan UBT - Lipjan Koleksioni i përgjithshem 04/22/2015   336 RAP 002-006803 04/22/2015 Books 04/22/2015
          Koleksioni i përgjithshem UBT - Lipjan UBT - Lipjan Koleksioni i përgjithshem 04/22/2015   336 RAP 002-006804 04/22/2015 Books 04/22/2015
          Koleksioni i përgjithshem UBT - Lipjan UBT - Lipjan Koleksioni i përgjithshem 04/22/2015   336 RAP 002-006805 04/22/2015 Books 04/22/2015
          Koleksioni i përgjithshem UBT - Lipjan UBT - Lipjan Koleksioni i përgjithshem 04/22/2015   336 RAP 002-006806 04/22/2015 Books 04/22/2015
          Koleksioni i përgjithshem UBT - Lipjan UBT - Lipjan Koleksioni i përgjithshem 04/22/2015   336 RAP 002-006807 04/22/2015 Books 04/22/2015
          Koleksioni i përgjithshem UBT - Lipjan UBT - Lipjan Koleksioni i përgjithshem 04/22/2015   336 RAP 002-006808 04/22/2015 Books 04/22/2015
          Koleksioni i përgjithshem UBT - Lipjan UBT - Lipjan Koleksioni i përgjithshem 04/22/2015   336 RAP 002-006809 04/22/2015 Books 04/22/2015
          Koleksioni i përgjithshem UBT - Lipjan UBT - Lipjan Koleksioni i përgjithshem 04/22/2015   336 RAP 002-006810 04/22/2015 Books 04/22/2015
          Koleksioni i përgjithshem UBT - Lipjan UBT - Lipjan Koleksioni i përgjithshem 04/22/2015   336 RAP 002-006811 04/22/2015 Books 04/22/2015
          Koleksioni i përgjithshem UBT - Lipjan UBT - Lipjan Koleksioni i përgjithshem 04/22/2015   336 RAP 002-006812 04/22/2015 Books 04/22/2015
          Koleksioni i përgjithshem UBT - Lipjan UBT - Lipjan Koleksioni i përgjithshem 04/22/2015   336 RAP 002-006813 04/22/2015 Books 04/22/2015
          Koleksioni i përgjithshem UBT - Lipjan UBT - Lipjan Koleksioni i përgjithshem 04/22/2015   336 RAP 002-006814 04/22/2015 Books 04/22/2015
          Koleksioni i përgjithshem UBT - Lipjan UBT - Lipjan Koleksioni i përgjithshem 04/22/2015   336 RAP 002-006815 04/22/2015 Books 04/22/2015
          Koleksioni i përgjithshem UBT - Lipjan UBT - Lipjan Koleksioni i përgjithshem 04/22/2015   336 RAP 002-006816 04/22/2015 Books 04/22/2015
          Koleksioni i përgjithshem UBT - Lipjan UBT - Lipjan Koleksioni i përgjithshem 04/22/2015   336 RAP 002-006817 04/22/2015 Books 04/22/2015
          Koleksioni i përgjithshem UBT - Lipjan UBT - Lipjan Koleksioni i përgjithshem 04/22/2015   336 RAP 002-006818 04/22/2015 Books 04/22/2015
          Koleksioni i përgjithshem UBT - Lipjan UBT - Lipjan Koleksioni i përgjithshem 04/22/2015   336 RAP 002-006819 04/22/2015 Books 04/22/2015
          Koleksioni i përgjithshem UBT - Lipjan UBT - Lipjan Koleksioni i përgjithshem 04/22/2015   336 RAP 002-006820 04/22/2015 Books 04/22/2015
          Koleksioni i përgjithshem UBT - Lipjan UBT - Lipjan Koleksioni i përgjithshem 04/22/2015   336 RAP 002-006821 04/22/2015 Books 04/22/2015
          Koleksioni i përgjithshem UBT - Lipjan UBT - Lipjan Koleksioni i përgjithshem 04/22/2015   336 RAP 002-006822 04/22/2015 Books 04/22/2015
          Koleksioni i përgjithshem UBT - Lipjan UBT - Lipjan Koleksioni i përgjithshem 04/22/2015   336 RAP 002-006823 04/22/2015 Books 04/22/2015
          Koleksioni i përgjithshem UBT - Lipjan UBT - Lipjan Koleksioni i përgjithshem 04/22/2015   336 RAP 002-006824 04/22/2015 Books 04/22/2015
          Koleksioni i përgjithshem UBT - Lipjan UBT - Lipjan Koleksioni i përgjithshem 11/07/2017   336. RAP 002-2937340 11/07/2017 Books 11/07/2017
          Koleksioni i përgjithshem UBT - Lipjan UBT - Lipjan Koleksioni i përgjithshem 11/07/2017   336. RAP 002-2937345 11/07/2017 Books 11/07/2017
          Koleksioni i përgjithshem UBT - Prishtine UBT - Prishtine Koleksioni i përgjithshem 05/26/2015   336 RAP   05/26/2015 Books 05/26/2015
UBT Library © 2015-2024. All rights reserved University Education for Business and Technology